|
|
|
|
| LEADER |
00000naa a2200000uu 4500 |
| 001 |
vtls010941540 |
| 003 |
SK-MaSNL |
| 005 |
20260302123220.0 |
| 008 |
210904|2000 xo |||||||||||||||||slo| |
| 015 |
|
|
|a SNBRA
|
| 035 |
|
|
|a (urnnbn)urn:nbn:sk:snk:ar-a0bc5v
|
| 035 |
|
|
|a (uuid)c4eed89f-e536-4b68-84ae-ec56e0248bf7
|
| 035 |
|
|
|a urn:nbn:sk:snk-aau4fc
|
| 040 |
|
|
|a SNKBUCL
|b slo
|c SNKBUCL
|e AACR2
|
| 041 |
0 |
|
|a slo
|
| 044 |
|
|
|a xo
|c SK
|
| 100 |
1 |
|
|a Koréneková, Beáta,
|d 1962-
|4 aut
|9 216325
|
| 245 |
1 |
0 |
|a ÚČINOK SELÉNU NA KUMULÁCIU KADMIA V BUNKÁCH
|c B. Koréneková, E. Hurná, I. Ďatelinka, M. Skalická
|
| 246 |
3 |
|
|a THE EFFECT OF SELENIUM ON CADMIUM ACCUMULATON IN CELLS
|
| 700 |
1 |
|
|a Hurná, E.
|4 aut
|9 772300
|
| 700 |
1 |
|
|a Ďatelinka, I.
|4 aut
|9 807763
|
| 700 |
1 |
|
|a Skalická, M.
|4 aut
|9 772285
|
| 773 |
0 |
|
|t Hygiena Alimentorum 21
|d Bratislava] : Štátna veterinárna správa SR, 2000
|g S. 182-184
|z 807148041X
|
| 958 |
|
|
|a OND
|
| 958 |
|
|
|a article11
|
| 958 |
|
|
|a chapter
|
| 999 |
|
|
|c 1281906
|d 1283836
|